[Event "POL-chT U19 3rd League Wielkopolska"]
[Site "Wielkopolska"]
[Date "2014.12.30"]
[Round "1.7"]
[White "Pietrzak, Piotr"]
[Black "Checinski, Bartlomiej"]
[Result "1-0"]
[WhiteElo "1398"]
[BlackElo "1230"]
[PlyCount "113"]
[EventDate "2014.01.18"]
[EventType "team-tourn"]
[EventRounds "9"]
[EventCountry "POL"]
[SourceTitle "EXT 2020"]
[Source "ChessBase"]
[SourceDate "2019.10.17"]
[SourceVersion "1"]
[SourceVersionDate "2019.10.17"]
[SourceQuality "1"]
[WhiteTeam "Poznan UMKS Na Pieterku U19 II"]
[BlackTeam "Konin UKS Smecz U19 II"]
[WhiteTeamCountry "POL"]
[BlackTeamCountry "POL"]

1. e4 e5 2. Nf3 Nc6 3. Bc4 Bc5 4. d3 h6 5. 0-0 Nf6 6. Be3 Bb6 7. Nc3 d6 8. h3 0-0 9. Qd2 Nd4 10. Nh2 Nc6 11. Nd5 Nxd5 12. Bxd5 Bd7 13. c3 Bxe3 14. fxe3 Qe7 15. Rf3 Be6 16. Raf1 Bxd5 17. exd5 Nd8 18. e4 c6 19. dxc6 Nxc6 20. Rg3 Qe6 21. Ng4 Kh7 22. Ne3 Ne7 23. b3 Rac8 24. c4 b6 25. Nd5 Nxd5 26. cxd5 Qe7 27. Qf2 Rc7 28. Qf5+ Kg8 29. Qh5 Kh7 30. Qg4 Rg8 31. Qf5+ Kh8 32. Rgf3 Rf8 33. Qg4 Kh7 34. Rf5 Qd7 35. Qd1 Qe7 36. d4 Kh8 37. dxe5 Qd7 38. e6 Qe7 39. Rxf7 Rxf7 40. Rxf7 Qd8 41. Qg4 Rxf7 42. exf7 Qf8 43. Qe6 g5 44. Qf6+ Kh7 45. e5 dxe5 46. d6 e4 47. d7 Qc5+ 48. Qf2 Qf8 49. Qd4 Qd8 50. f8Q Qxf8 51. d8Q Qf7 52. Q8h8+ Kg6 53. Qxe4+ Kh5 54. Qhe8 Qxe8 55. Qxe8+ Kh4 56. Kh2 h5 57. g3# 1-0

[Event "POL-chT U19 3rd League Wielkopolska"]
[Site "Wielkopolska"]
[Date "2014.12.30"]
[Round "3.13"]
[White "Tomaszewski, Kacper"]
[Black "Checinski, Bartlomiej"]
[Result "1-0"]
[WhiteElo "1994"]
[BlackElo "1230"]
[PlyCount "105"]
[EventDate "2014.01.18"]
[EventType "team-tourn"]
[EventRounds "9"]
[EventCountry "POL"]
[SourceTitle "EXT 2020"]
[Source "ChessBase"]
[SourceDate "2019.10.17"]
[SourceVersion "1"]
[SourceVersionDate "2019.10.17"]
[SourceQuality "1"]
[WhiteTeam "Jarocin JKSW U19"]
[BlackTeam "Konin UKS Smecz U19 II"]
[WhiteTeamCountry "POL"]
[BlackTeamCountry "POL"]

1. d4 d5 2. c4 e6 3. Nc3 Nf6 4. Bg5 Nc6 5. e3 h6 6. Bxf6 Qxf6 7. cxd5 exd5 8. Nxd5 Qd8 9. Nc3 Bf5 10. Bb5 Bd7 11. Nf3 Nb8 12. Bc4 Nc6 13. 0-0 Bd6 14. a3 0-0 15. b4 Ne7 16. e4 c6 17. Qb3 Qb8 18. e5 Bc7 19. Rfe1 b5 20. Bd3 Be6 21. Qc2 Qb7 22. Ne4 Rad8 23. Nc5 Qc8 24. Nxe6 Qxe6 25. Bxb5 cxb5 26. Qxc7 Rd7 27. Qc2 Rc8 28. Qb2 Rdc7 29. Rac1 Nd5 30. Rxc7 Rxc7 31. Rc1 Rc8 32. Qd2 a6 33. Rc5 Rxc5 34. dxc5 Ne7 35. h3 Ng6 36. Qd6 Qxd6 37. exd6 Kf8 38. c6 Ke8 39. g3 Nf8 40. Nd4 f6 41. f4 Kd8 42. Kf2 Kc8 43. f5 Kd8 44. Ne6+ Nxe6 45. fxe6 g6 46. e7+ Ke8 47. c7 Kd7 48. e8Q+ Kxe8 49. c8Q+ Kf7 50. Qd7+ Kg8 51. Qe7 Kh8 52. d7 Kg8 53. d8R# 1-0